000 00541nam a22002177a 4500
003 SEKU
005 20160127101940.0
008 160127b xxu||||| |||| 00| 0 eng d
020 _a003922757
040 _aSEKU
050 _aHD31
_b.D34 1992
082 _2Ist ed.
100 _aDaft L. Richard
245 _aManagement
_cRichard L. Daft
250 _a1ed.
260 _aCanada
_bWinston
_cc1992
300 _apic.
500 _aincludes bibliographic references and index
700 _aPatricia , A. Fitzgerald
942 _2lcc
_cGEN
999 _c10036
_d10036